000
00292nam a22001337a 4500
008
170413b xxu||||| |||| 00| 0 eng d
020
_a
9780071716727
041
_a
eng
080
_a
618
100
_a
10
101
_a
SHM
245
_a
WILLIAMS GYNECOLOGY
_c
HOFFMAN.B.L
942
_2
udc
_c
BK
999
_c
10619
_d
10619